| 000 | 01183nam a2200253Ia 4500 | ||
|---|---|---|---|
| 003 | Ost | ||
| 005 | 20260507075236.0 | ||
| 008 | 260507s9999||||xx |||||||||||||| ||und|| | ||
| 020 | _a83863299579 | ||
| 040 | _cfsecg | ||
| 041 | _aara | ||
| 082 | _a330 | ||
| 100 |
_aسويدان، نظام موسى _eمؤلف |
||
| 245 | 0 |
_aإدارة التسويق في المنظمات غير الربحية / _c نظام موسى سويدان |
|
| 260 |
_aعمان: _bدار الحامد, _c2009 |
||
| 300 |
_a306 صفحة؛ _bإيضاحات ؛ _c24 سم |
||
| 504 | _aمراجع : لكل فصل مرجع | ||
| 520 | _aما المقصود بغير الربحي ، تطوير التوجه التسويقي ، تجزئة السوق ، عملية التخطيط التسويقي ، جمع التبرعات (الاموال)، تسويق الفنون ، تسويق التعليم ، تسويق الرعاية الصحية ، التسويق الاجتماعي . | ||
| 653 | _aأدارة المبيعات | ||
| 653 | _aالتسويق | ||
| 653 | _aالمؤسسات الخدماتية | ||
| 700 |
_aالبرواري، نزار عبد المجيد _eمؤلف ثانوي |
||
| 942 | _cكتاب | ||
| 999 |
_c43588 _d43588 |
||